000 00327nam a2200121 a 4500
005 20141022141959.0
008 120306s19uu xx 00 eng d
050 _aCD
_bC15 2002
100 _aCampbell, Marc
245 _athe complete idiot's guide to computer illustration /
_cMarc Campbell.
260 _c2002.
942 _cAVM
999 _c276149
_d276149